中国每个省份维基百科页面访问次数最多的5个城市 - Statistics

General Stats
  • This quiz has been taken 426 times
    425 since last reset
  • The average score is 97 of 150
Answer Stats
省份 平均每月访问数 % Correct
直辖市和特别行政区 353984 上海
98%
直辖市和特别行政区 352108 北京
98%
直辖市和特别行政区 1003682 香港
97%
直辖市和特别行政区 396681 澳门
97%
直辖市和特别行政区 89771 天津
96%
广东 195480 广州
94%
广东 166695 深圳
93%
台湾 174362 台北
92%
新疆 56816 乌鲁木齐
91%
湖北 196444 武汉
90%
江苏 105564 南京
89%
江苏 50819 苏州
89%
重庆 173174 重庆
89%
陕西 89979 西安
89%
广东 37498 东莞
88%
台湾 64827 高雄
88%
山东 68273 青岛
88%
山东 23470 济南
88%
广东 26359 佛山
87%
台湾 37821 台南
86%
云南 35081 昆明
85%
广西 19174 南宁
85%
广东 21943 珠海
84%
江苏 22560 无锡
84%
河南 35704 郑州
84%
西藏 54632 拉萨
84%
台湾 42787 台中
83%
浙江 88298 杭州
83%
福建 49539 厦门
83%
福建 29740 福州
83%
广西 29062 桂林
83%
河南 43228 洛阳
81%
湖南 33910 长沙
81%
江苏 13703 常州
80%
辽宁 56139 沈阳
80%
陕西 16251 咸阳
80%
黑龙江 81962 哈尔滨
80%
四川 87241 成都
80%
内蒙古 19832 呼和浩特
80%
辽宁 54662 大连
79%
山东 12909 烟台
79%
安徽 23209 合肥
79%
浙江 32983 宁波
78%
河北 17768 石家庄
78%
海南 15190 海口
78%
江西 16414 南昌
78%
江苏 14836 扬州
77%
浙江 21455 温州
77%
陕西 9032 延安
77%
福建 19832 泉州
77%
云南 10574 大理
77%
海南 22815 三亚
77%
河南 24465 开封
76%
西藏 7501 日喀则
75%
山东 12002 威海
74%
广西 7084 柳州
74%
内蒙古 8867 包头
74%
台湾 58600 新北
73%
新疆 32090 喀什
73%
陕西 4148 宝鸡
73%
山西 16599 太原
72%
黑龙江 8921 齐齐哈尔
71%
甘肃 20569 兰州
71%
吉林 31790 长春
71%
湖北 9549 襄阳
70%
湖北 6916 宜昌
70%
贵州 13171 贵阳
70%
云南 15873 景洪/西双版纳
69%
陕西 6358 汉中
68%
河北 9301 唐山
68%
湖北 7199 荆州
67%
四川 5331 绵阳
67%
浙江 9437 绍兴
66%
新疆 13591 吐鲁番
66%
福建 7217 漳州
66%
西藏 4205 林芝
66%
广西 5865 北海
66%
吉林 7048 吉林
66%
安徽 7265 芜湖
66%
青海 13932 西宁
66%
新疆 13901 伊犁/伊宁
65%
福建 6871 莆田
65%
江西 5549 赣州
65%
山西 8541 大同
65%
云南 13108 丽江
64%
河北 8885 保定
64%
内蒙古 10363 呼伦贝尔
63%
宁夏 13032 银川
63%
内蒙古 18304 鄂尔多斯
62%
江西 8074 景德镇
62%
江西 5623 九江
62%
湖南 3562 岳阳
61%
黑龙江 4854 大庆
60%
贵州 3365 遵义
60%
西藏 4050 昌都
59%
湖南 20383 张家界
59%
河北 8789 秦皇岛
59%
安徽 3891 黄山
59%
重庆 2268 万州
58%
新疆 11118 和田
58%
湖北 3549 十堰
57%
辽宁 6818 鞍山
57%
西藏 4004 那曲
57%
河南 7703 安阳
56%
黑龙江 10144 黑河
55%
河北 10889 张家口
55%
甘肃 4410 酒泉
55%
安徽 4402 安庆
55%
安徽 3980 蚌埠
55%
湖南 4264 衡阳
54%
吉林 7330 延吉/延边
53%
海南 2002 儋州
53%
辽宁 12414 丹东
51%
浙江 15422 义乌
49%
海南 8859 三沙
48%
黑龙江 6229 牡丹江
47%
青海 1581 海东
47%
河南 7258 许昌
46%
广西 6481 玉林
46%
甘肃 6010 嘉峪关
46%
四川 4473 乐山
45%
海南 2428 文昌
44%
江西 2920 上饶
44%
四川 3475 宜宾
43%
湖南 4264 常德
43%
甘肃 5474 张掖
43%
山西 3150 运城
43%
山西 4665 临汾
42%
宁夏 929 石嘴山
42%
青海 1138 玉树
41%
吉林 2298 四平
40%
山西 2074 长治
39%
宁夏 1225 吴忠
39%
重庆 1638 涪陵
38%
贵州 2174 安顺
38%
宁夏 1253 中卫
38%
云南 13210 香格里拉
37%
贵州 1709 毕节
37%
宁夏 1283 固原
37%
甘肃 19059 敦煌
36%
四川 3275 自贡
33%
青海 3484 格尔木
33%
山东 7703 曲阜
29%
吉林 3797 通化
25%
内蒙古 9326 满洲里
21%
青海 1126 德令哈
21%
重庆 1111 巫山
18%
辽宁 24277 旅顺
14%
贵州 1563 凯里
13%
重庆 2078 丰都
11%
No matching quizzes found
Score Distribution
Percent of People with Each Score
Percentile by Number Answered
Your Score History
You have not taken this quiz since the last reset